=LDR 00000nam 2200000 4500 =001 INLIS000000000033783 =005 20130612135723 =008 ***********************************ind** =035 ##$$0010-061300000033783 =041 ##$$a ind =082 ##$$a 636.085 =090 ##$$a 636.085, Wid t =100 ##$$a Widodo, Wahyu =245 ##$$a Tanaman beracun dalam kehidupan ternak, Wahyu widodo =260 ##$$a 2005 $b Malang =300 ##$$a ix, 337 hlm, ilus, 21 cm =650 ##$$a Makanan Hewan =850 ##$$a NBPNMAT =990 ##$$a 0001/BPAP-NTB/2016 =990 ##$$a 86488648 =990 ##$$a 01201708648 =990 ##$$a 0001/BPAP-NTB/2016 =990 ##$$a 01201708648 =990 ##$$a 0001/BPAP-NTB/2016